书目信息 |
| 题名: |
海洋生物制品开发与利用
|
|
| 作者: | 张玉忠 , 杜昱光 , 宋晓研 主编 | |
| 分册: | ||
| 出版信息: | 北京 科学出版社 2017.11 |
|
| 页数: | 282页 | |
| 开本: | 26cm | |
| 丛书名: | 海洋生物资源开发利用高技术丛书 | |
| 单 册: | ||
| 中图分类: | S986.2 | |
| 科图分类: | ||
| 主题词: | 海洋生物--生物制品--加工 | |
| 电子资源: | ||
| ISBN: | 978-7-03-055196-2 | |
| 000 | 01270oam2 2200313 450 | |
| 001 | 1442 | |
| 005 | 20180928105048.16 | |
| 010 | @a978-7-03-055196-2@dCNY150.00 | |
| 100 | @a20180412d2017 em y0chiy50 ea | |
| 101 | 0 | @achi |
| 102 | @aCN@b110000 | |
| 105 | @aa az 000yy | |
| 200 | 1 | @a海洋生物制品开发与利用@9hai yang sheng wu zhi pin kai fa yu li yong@f张玉忠,杜昱光,宋晓研主编 |
| 210 | @a北京@c科学出版社@d2017.11 | |
| 215 | @a282页@c图@d26cm | |
| 225 | 1 | @a海洋生物资源开发利用高技术丛书@f焦炳华总编 |
| 300 | @a国家科学技术学术著作出版基金资助出版 | |
| 312 | @a封面英文题名:Developement and utilization of marine biological products | |
| 320 | @a有书目 | |
| 330 | @a本书系统介绍了我国近年来在海洋生物制品开发与利用领域所取得的重要成就,包括海洋生物制品概述、海洋生物制品的开发利用现状、海洋生物制品的原料来源及其生物制品生产关键技术、海洋酶制剂的开发与利用等。 | |
| 461 | 0 | @12001 @a海洋生物资源开发利用高技术丛书 |
| 510 | 1 | @aDevelopement and utilization of marine biological products@zeng |
| 606 | 0 | @a海洋生物@x生物制品@x加工 |
| 690 | @aS986.2@v5 | |
| 701 | 0 | @a张玉忠@9ZHANG YU ZHONG@4主编 |
| 701 | 0 | @a杜昱光@9du yu guang@4主编 |
| 701 | 0 | @a宋晓研@9song xiao yan@4主编 |
| 801 | 0 | @aCN@b91MARC@c20180412 |
| 905 | @aMuseLib@dS986.2@e45 | |
| 海洋生物制品开发与利用/张玉忠,杜昱光,宋晓研主编.-北京:科学出版社,2017.11 |
| 282页:图;26cm.-(海洋生物资源开发利用高技术丛书/焦炳华总编) |
| 国家科学技术学术著作出版基金资助出版 |
| ISBN 978-7-03-055196-2:CNY150.00 |
| 本书系统介绍了我国近年来在海洋生物制品开发与利用领域所取得的重要成就,包括海洋生物制品概述、海洋生物制品的开发利用现状、海洋生物制品的原料来源及其生物制品生产关键技术、海洋酶制剂的开发与利用等。 |
| ● |
| 相关链接 |
|
|
|
|
正题名:海洋生物制品开发与利用
索取号:S986.2/45
 
预约/预借
| 序号 | 登录号 | 条形码 | 馆藏地/架位号 | 状态 | 备注 |
| 1 | 1122663 | 211226635 | 第二样本阅览室/ [索取号:S986.2/45] | 在馆 | |
| 2 | 1122664 | 211226644 | 密集书库-生命科学系/ [索取号:S986.2/45] | 在馆 |